| 000 | 00949nam a22002417a 4500 | ||
|---|---|---|---|
| 999 |
_c63619 _d63619 |
||
| 005 | 20240530110650.0 | ||
| 008 | 171114s2015 jo a g b 000 0 ara d | ||
| 017 |
_a2015/5/2367 _bالمملكة الاردنية الهاشمية . دائرة المكتبة الوطنية |
||
| 020 | _a9789957176532 | ||
| 040 |
_aEG-CaGPL _cEG-CaGPL |
||
| 082 | 0 | 4 |
_221 _a613.2\ _bخ ت |
| 100 | 0 | _aخضر المصرى | |
| 245 | 1 | 0 |
_aتقييم الوضع التغذوى فى المجتمع / _cتأليف خضر المصرى . |
| 250 | _aط.1 | ||
| 260 |
_aعمان : _bمكتبة الفلاح للنشر و التوزيع ، _c2015 . |
||
| 300 |
_a575 ص. : _bصور ؛ _c24 سم. |
||
| 504 | _aيشتمل على ارجاعات ببليوجرافية | ||
| 650 | 0 | 7 |
_2qrmak _aالتغذية . |
| 650 | 0 | 7 |
_2qrmak _aالمرضى _xتغذية |
| 650 | 0 | 7 |
_2qrmak _aسوء التغذية |
| 942 |
_2ddc _cBK |
||